| 000 | 00411cam a2200133 4500 | ||
|---|---|---|---|
| 082 |
_a330 _bPEN |
||
| 100 | 1 |
_aPenson, T. H. _949211 |
|
| 245 | 1 | 4 |
_aThe economics of everyday life; _ba first book of economic study, _cby T. H. Penson. |
| 260 |
_aCambridge [Eng.] _bUniversity press, _c1913- |
||
| 300 |
_av. _bdiagrs. _c21 cm. |
||
| 526 |
_a0 _b0 _c0 _d330_000000000000000_PEN |
||
| 650 |
_aMCE _9379 |
||
| 942 |
_2ddc _cBK |
||
| 999 |
_c552024 _d552024 |
||